000 00828nam a2200253Ia 4500
003 OSt
005 20221005033330.0
006 a|||||r|||| 00| 0
007 ta
008 221004b |||||||| |||| 00| 0 eng d
020 _a9789386223395 (hbk)
_cINR 1500.00
024 _a34557
037 _bBBS/25, 15/09/2017, Better Book Service
_cTextual
040 _aCRL
_cCRL
_beng
041 _2eng
_aeng
082 _aY5927, Q7
100 _aSinha Sangita Ed.
_9586018
245 0 _aDalit issues
_b strategies for comprehensive escalation and progress
260 _aDelhi
_bB.R. Publishing India
_c2017
300 _axvi,251p.
_ccm.
650 _aCASTE - INDIA - SCHEDULED CASTE
_928706
942 _hY5927, Q7
_cTEXL
_2cc
999 _c941371
_d941371